| 000 | 00651nam a2200205 i 4500 | ||
|---|---|---|---|
| 001 | 69528 | ||
| 003 | ES-MaACL | ||
| 005 | 20250815020641.0 | ||
| 007 | t| | ||
| 008 | 040707s1968 sp ||||1| spa d | ||
| 100 | 1 |
_aGarcía de Diego, Vicente, _d1878-1978 _954421 |
|
| 245 | 1 | 0 |
_aDiccionario de voces naturales / _cVicente García de Diego. |
| 260 |
_a[Madrid] : _bAguilar, _c[1968] |
||
| 300 |
_aXV, 723 p. ; _c22 cm. |
||
| 490 | 1 | _aBiblioteca Cultura e Historia | |
| 650 | 4 |
_aOnomatopeya- _vDiccionarios. _9159218 |
|
| 830 | 0 | 0 |
_aBiblioteca cultura e historia _9183279 |
| 852 |
_aES-MaACL _jC-34998 _bR.67637 |
||
| 999 |
_c69528 _d69528 |
||